Estadísticas para Matemática Rápida-Sustracción

Haz click aquí para intentar la prueba.

Estadísticas generales

  • Esta prueba ha sido intentada 240 veces
  • La puntuación promedio es 10 de 12

Estadísticas de respuestas

RestaRespuesta% Correcto
2 - 11
100%
40 - 2713
98%
43 - 385
98%
68 - 3929
93%
200 - 12773
92%
112 - 8725
91%
(50 - 32) - 711
90%
65 - 4916
87%
475 - 126349
75%
635 - 59576
72%
10.000 - 4289572
66%
(398 - 43) - 120235
62%

Distribución de puntuación

Porcentaje por número respondido

Porcentaje de gente con cada puntuación

Historial de tus puntuaciones

No has intentado esta prueba.